书目信息 |
| 题名: |
零售业创新转型
|
|
| 作者: | 许安心 著 | |
| 分册: | ||
| 出版信息: | 北京 中央民族大学出版社 2017 |
|
| 页数: | 365页 | |
| 开本: | 24cm | |
| 丛书名: | ||
| 单 册: | ||
| 中图分类: | F713.32 | |
| 科图分类: | ||
| 主题词: | 零售业--商业经营 | |
| 电子资源: | ||
| ISBN: | 978-7-5660-1345-3 | |
| 000 | 00869nam0 2200241 450 | |
| 001 | 012001000102 | |
| 005 | 20140920091301.0 | |
| 010 | @a978-7-5660-1345-3@dCNY68.00 | |
| 100 | @a20180217d2017 em y0chiy50 ea | |
| 101 | 0 | @achi |
| 102 | @aCN@b110000 | |
| 105 | @ay z 000yy | |
| 106 | @ar | |
| 200 | 1 | @a零售业创新转型@9Ling Shou Ye Chuang Xin Zhuan Xing@dRetail innovation & transformation@f许安心著@zeng |
| 210 | @a北京@c中央民族大学出版社@d2017 | |
| 215 | @a365页@d24cm | |
| 330 | @a本书共十章,内容包括:福建省内贸流通供给侧结构性改革研究、微信营销对百货消费者购买意愿的影响研究、微信营销对生鲜超市消费者态度的影响研究等。 | |
| 510 | 1 | @aRetail innovation & transformation@zeng |
| 606 | 0 | @a零售业@x商业经营 |
| 690 | @aF713.32@v5 | |
| 701 | 0 | @a许安心@9Xu An Xin@f(1975~)@4著 |
| 801 | 0 | @aCN@b上海新华@c20180901 |
| 905 | @b1040499-03@dF713.32@e1015@f5 | |
| 零售业创新转型=Retail innovation & transformation/许安心著.-北京:中央民族大学出版社,2017 |
| 365页;24cm |
| ISBN 978-7-5660-1345-3:CNY68.00 |
| 本书共十章,内容包括:福建省内贸流通供给侧结构性改革研究、微信营销对百货消费者购买意愿的影响研究、微信营销对生鲜超市消费者态度的影响研究等。 |
| ● |
| 相关链接 |
|
|
|
|
正题名:零售业创新转型
索取号:F713.32/1015
 
预约/预借
| 序号 | 登录号 | 条形码 | 馆藏地/架位号 | 状态 | 备注 |
| 1 | 1040499 | 210404999 | 第一样本阅览室/ [索取号:F713.32/1015] | 在馆 | |
| 2 | 1040500 | 210405006 | 第一借阅区/ [索取号:F713.32/1015] | 在馆 | |
| 3 | 1040501 | 210405015 | 第一借阅区/ [索取号:F713.32/1015] | 在馆 | |
| 4 | 1040502 | 210405024 | 第一借阅区/ [索取号:F713.32/1015] | 在馆 | |
| 5 | 1040503 | 210405033 | 密集书库-海洋学院/ [索取号:F713.32/1015] | 在馆 |